Vítězný projekt soutěže "Controllingový projekt roku 2006". Podpora obchodního týmu Meggle, s.r.o

Predstavenie projektu. Charakteristika spoločnosti Podpora obchodného tímu. Konkrétne ciele, ich realizácia. Prostredie pre aktívny predaj z kancelárie-call centrum. Reporty pre porovnávanie. Celkové vyhodnotenie projektu.

Gespeichert in:
Bibliographische Detailangaben
1. Verfasser: Cyrankowski, Lukáš
Format: Buchkapitel
Sprache:Tschechisch
Schlagworte:
Tags: Tag hinzufügen
Keine Tags, Fügen Sie das erste Tag hinzu!

MARC

LEADER 00000naa$a2200000$$$4500
001 0066914
005 20230509081019.3
041 0 |a cze 
044 |a CZ 
245 1 0 |a Vítězný projekt soutěže "Controllingový projekt roku 2006". Podpora obchodního týmu Meggle, s.r.o  |c Lukáš Cyrankowski 
520 |a Predstavenie projektu. Charakteristika spoločnosti Podpora obchodného tímu. Konkrétne ciele, ich realizácia. Prostredie pre aktívny predaj z kancelárie-call centrum. Reporty pre porovnávanie. Celkové vyhodnotenie projektu. 
610 2 0 |a kontroling 
610 2 0 |a ciele podnikové 
610 2 0 |a predaj 
610 2 0 |a reporting 
610 2 0 |a projekty 
100 1 |a Cyrankowski, Lukáš